Najbardziej nielubiące się miasta w Polsce - Statystyki

Ogólne statystyki
  • Ten quiz został rozwiązany 107 razy
  • Średni wynik to 5 z 7
Statystyki odpowiedzi
Miasto Największy Przeciwnik % Poprawnych
Toruń Bydgoszcz
96%
Gdańsk Gdynia
96%
Gorzów Wielkopolski Zielona Góra
91%
Katowice Sosnowiec
69%
Kielce Radom
66%
Wrocław Opole
62%
Słupsk Koszalin
61%
Nie znaleziono quizów pasujących do podanych kryteriów
Rozkład punktacji
Procent ludzi z każdym wynikiem
Percentyl według liczby udzielonych odpowiedzi
Twoja historia wyników
Nie rozwiązałeś tego quizu